000 00736nam a2200241 a 4500
001 56439
003 BD-RJUL
005 20211209080409.0
008 161129s1977 bg || o000 ||eng
020 _cTk.1.00
035 _a(BD-RJUL)56563
038 _aUk
040 _aUk
_cUk
_beng
_dBD-RJUL
041 _aeng
082 _223
_a297.5
_bKHI 1977
100 1 _aKhan, Akhter Hameed.
_9167874
245 1 0 _aIslamic opinions on contraception /
_cAkhter Hameed Khan.
260 _aComilla :
_bBangladesh Academy for Rural Development,
_c1977
300 _a16 p. ;
_c25cm.
650 0 _aBirth control
_xReligious aspects
_xIslam.
_9167875
710 2 _aBāṃlādeśa Pallī Unnaẏana Ekāḍemī
_dDLC,
_erda.
_9167876
942 _2ddc
_cBK
999 _c56439
_d56439